[Event "Xtracon Grand Master 2015"]
[Site "Asgaard Skole, Koge"]
[Date "2015.10.18"]
[Round "9.25"]
[White "Jensen, Tommy"]
[Black "Smidt-Nielsen, Henrik"]
[Result "1/2-1/2"]
[WhiteElo "1849"]
[BlackElo "1908"]
[PlyCount "37"]
[EventDate "2015.??.??"]
[WhiteTeam "Egedal-Jyllinge Skakklub"]
[BlackTeam "Køge Skakklub"]

1. Nf3 Nf6 2. d4 g6 3. Nc3 c5 4. d5 d6 5. e4 Bg7 6. Bd3 a6 7. a4 O-O 8. O-O Bg4
9. h3 Bxf3 10. Qxf3 Nbd7 11. Qd1 e6 12. dxe6 fxe6 13. Bc4 Qe7 14. Bf4 Nxe4 15.
Nxe4 Rxf4 16. Qxd6 Qxd6 17. Nxd6 Nf8 18. Rae1 Bxb2 19. Re4 1/2-1/2

[Event "Xtracon Grand Master 2015"]
[Site "Asgaard Skole, Koge"]
[Date "2015.10.18"]
[Round "9.26"]
[White "Wang, Peter"]
[Black "Bue, Gunnar"]
[Result "1-0"]
[WhiteElo "1888"]
[BlackElo "1640"]
[PlyCount "95"]
[EventDate "2015.??.??"]
[WhiteTeam "Køge Skakklub"]

1. e4 c5 2. Nf3 e6 3. Nc3 a6 4. g3 Nc6 5. Bg2 b5 6. O-O Bb7 7. d4 cxd4 8. Nxd4
Nge7 9. Re1 Nxd4 10. Qxd4 Nc6 11. Qd1 Bb4 12. Bd2 O-O 13. a3 Be7 14. Bf4 d6 15.
Ne2 Rc8 16. c3 e5 17. Be3 Qc7 18. f4 exf4 19. Nxf4 Ne5 20. Qe2 Qc4 21. Bd4 Qxe2
22. Rxe2 Ng6 23. Nd5 Bxd5 24. exd5 Bf6 25. Bxf6 gxf6 26. Rf2 Kg7 27. Raf1 Ne5
28. Rxf6 Nc4 29. R6f2 Ne3 30. Re1 Nxg2 31. Kxg2 Rfe8 32. Rfe2 Rxe2+ 33. Rxe2
Rc5 34. g4 Rxd5 {(=)} 35. Kf3 Kf6 36. h4 h5 37. gxh5 Rxh5 38. Re4 d5 39. Rd4
Ke6 40. Kg4 Re5 41. Kf3 Rh5 42. a4 Rh8 43. axb5 Rb8 44. bxa6 Rxb2 45. Ra4 Rb8
46. a7 Ra8 47. Kf4 Kf6 48. Ra6+ 1-0

[Event "Xtracon Grand Master 2015"]
[Site "Asgaard Skole, Koge"]
[Date "2015.10.18"]
[Round "9.28"]
[White "Rasmussen, Henning"]
[Black "Larsen, Preben R"]
[Result "1/2-1/2"]
[WhiteElo "1800"]
[BlackElo "1844"]
[PlyCount "148"]
[EventDate "2015.??.??"]
[WhiteTeam "Nykøbing Sjælland Skakklub"]
[BlackTeam "Roskilde Skakklub"]

1. d4 d5 2. c4 Bf5 3. Nc3 e6 4. Nf3 Bb4 5. Qa4+ Nc6 6. e3 Nge7 7. Bd2 O-O 8. a3
Bxc3 9. Bxc3 a6 10. Qd1 dxc4 11. Bxc4 Nd5 12. O-O Nxc3 13. bxc3 Na5 14. Bd3 Bg4
15. Be2 Qd5 16. Ne5 Bxe2 17. Qxe2 f6 18. c4 Qd6 19. Nf3 Nc6 20. Nd2 Rfd8 21.
Ne4 Qe7 22. Nc3 Rab8 23. Rfb1 Qe8 24. Ne4 b6 25. Nd2 Qd7 26. Nb3 Ne7 27. a4 Nf5
28. h3 Qc6 29. a5 Qe4 30. axb6 Rxb6 31. Nd2 Nxd4 32. Nxe4 Nxe2+ 33. Kf1 f5 34.
Rxb6 cxb6 35. Kxe2 fxe4 36. Rxa6 Rb8 37. f3 exf3+ 38. Kxf3 Kf7 39. Ke4 Kf6 40.
g4 b5 41. cxb5 Rxb5 42. h4 h6 43. Kf4 Rb4+ 44. Kf3 h5 45. g5+ Kf5 46. Ra5+ e5
47. Kg3 Rg4+ 48. Kh3 Re4 49. Ra3 Rb4 50. Kg3 Ke4 51. Ra5 Rb3 52. Kf2 Rb2+ 53.
Kg3 Rc2 54. Rb5 Re2 55. Rb4+ Kxe3 56. Rb7 Ke4 57. Rxg7 Re3+ 58. Kg2 Kf5 59.
Rf7+ Kg4 60. g6 Kxh4 61. Rf3 Re2+ 62. Rf2 Re4 63. Kf3 Rg4 64. Rg2 Rf4+ 65. Ke2
Rf8 66. g7 Rg8 67. Ke3 Kh3 68. Rg1 h4 69. Ke4 Kh2 70. Rg6 h3 71. Kxe5 Kh1 72.
Kf6 h2 73. Rh6 Rxg7 74. Kxg7 Kg2 1/2-1/2

[Event "Xtracon Grand Master 2015"]
[Site "Asgaard Skole, Koge"]
[Date "2015.10.18"]
[Round "9.30"]
[White "Andersen, Daniel"]
[Black "Stage-Steffensen, Sander"]
[Result "1-0"]
[WhiteElo "1869"]
[BlackElo "1515"]
[PlyCount "107"]
[EventDate "2015.??.??"]
[WhiteTeam "Frederikssund Skakklub"]
[BlackTeam "Køge Skakklub"]

1. d4 d6 2. c4 e5 3. Nf3 Nd7 4. e4 Ngf6 5. Nc3 Be7 6. Be2 c6 7. O-O Qc7 8. Re1
h6 9. Bf1 g5 10. d5 Nf8 11. dxc6 bxc6 12. b4 Bd7 13. Qb3 Rb8 14. Ba3 Ng6 15. b5
a6 16. Rab1 Be6 17. b6 Qb7 18. Qa4 Bd7 19. c5 dxc5 20. Qa5 g4 21. Nd2 O-O 22.
Bxc5 Bxc5 23. Qxc5 Bc8 24. Nc4 Qe7 25. Qxe7 Nxe7 26. Nxe5 Bb7 27. Na4 Ng6 28.
Nxg6 fxg6 29. Nc5 Rfe8 30. Bxa6 Bxa6 31. Nxa6 Rb7 32. Nc5 Rbb8 33. a4 Re5 34.
Rec1 Nxe4 35. Nd7 Ree8 36. Nxb8 Rxb8 37. Rxc6 Nd2 38. Rbc1 Kf8 39. Rd1 Re8 40.
g3 Rd8 41. Kg2 h5 42. Rc2 Rd6 43. Rcxd2 Rxb6 44. a5 Ra6 45. Ra1 g5 46. Rb2 h4
47. gxh4 gxh4 48. Rb7 Kg8 49. Rc1 Ra8 50. a6 h3+ 51. Kg3 Rf8 52. a7 Rf3+ 53.
Kxg4 Rf8 54. Rb8 1-0

[Event "Xtracon Grand Master 2015"]
[Site "Asgaard Skole, Koge"]
[Date "2015.10.18"]
[Round "9.31"]
[White "Nielsen, Bjørn"]
[Black "Kirkebække, Mark"]
[Result "0-1"]
[WhiteElo "1358"]
[BlackElo "1759"]
[PlyCount "82"]
[EventDate "2015.??.??"]
[WhiteTeam "Nørrebro Skakklub"]
[BlackTeam "Tåstrup Skakforening"]

1. e4 e5 2. Nf3 Nc6 3. Be2 Nf6 4. Nc3 Bc5 5. O-O d6 6. b3 a6 7. Bb2 Nd4 8. Nxd4
exd4 9. Nb1 Nxe4 10. d3 Nf6 11. Nd2 O-O 12. Nf3 Nd5 13. a3 Nc3 14. Qd2 Qf6 15.
Bxc3 dxc3 16. Qg5 Qe6 17. Bd1 f6 18. Qg3 c6 19. Re1 Qd7 20. Be2 d5 21. a4 g5
22. Nxg5 fxg5 23. Qxg5+ Qg7 24. Qxg7+ Kxg7 25. Bf3 Bf5 26. Re2 Rae8 27. Kf1 Bg6
28. Rae1 Rxe2 29. Rxe2 Re8 30. Bg4 b5 31. axb5 cxb5 32. Ke1 a5 33. Rxe8 Bxe8
34. h4 a4 35. bxa4 bxa4 36. Kd1 a3 37. Be6 Bc6 38. Bg4 a2 39. Ke2 a1=Q 40. f3
Qc1 41. h5 Qe3+ 0-1

[Event "Xtracon Grand Master 2015"]
[Site "Asgaard Skole, Koge"]
[Date "2015.10.18"]
[Round "9.32"]
[White "Tolba, Henri"]
[Black "Schjølin, John"]
[Result "1-0"]
[WhiteElo "1717"]
[BlackElo "1285"]
[PlyCount "65"]
[EventDate "2015.??.??"]
[WhiteTeam "Hvidovre Skakklub"]
[BlackTeam "Gribskov Skakklub"]

1. e4 e5 2. Nf3 d6 3. Bc4 h6 4. d4 Nf6 5. dxe5 Nxe4 6. Bxf7+ Kxf7 7. Qd5+ Be6
8. Qxe4 d5 9. Qf4+ Ke8 10. Nd4 Qe7 11. O-O Nc6 12. Nxe6 Qxe6 13. Qa4 g5 14. Nc3
a6 15. Qb3 Rd8 16. Bd2 b5 17. Ne2 Bg7 18. Bc3 Nxe5 19. Bxe5 Bxe5 20. Ng3 Rd6
21. Rad1 Kd7 22. Rfe1 Re8 23. Kf1 Re7 24. Qd3 Rf7 25. Re2 c6 26. Qe3 Bxg3 27.
Qa7+ Ke8 28. Rxe6+ Rxe6 29. Qa8+ Ke7 30. hxg3 Kf6 31. Qh8+ Kg6 32. Qg8+ Rg7 33.
Qxe6+ 1-0

[Event "Xtracon Grand Master 2015"]
[Site "Asgaard Skole, Koge"]
[Date "2015.10.18"]
[Round "9.33"]
[White "Hein, Jacob"]
[Black "Stage-Steffensen, Theo"]
[Result "0-1"]
[WhiteElo "1415"]
[BlackElo "1033"]
[PlyCount "72"]
[EventDate "2015.??.??"]
[WhiteTeam "Espergærde Skakklub"]
[BlackTeam "Køge Skakklub"]

1. b4 e5 2. Bb2 Nc6 3. b5 Nce7 4. Bxe5 Ng6 5. Bb2 f5 6. Nc3 Nf6 7. Nf3 d5 8. d4
Bb4 9. a3 Ba5 10. Qd3 Ne4 11. g3 Bd7 12. Ne5 Nxe5 13. dxe5 Nxc3 14. Bxc3 Bxc3+
15. Qxc3 Bxb5 16. Bg2 c6 17. e6 Qe7 18. Qe3 Rf8 19. O-O Rf6 20. Qg5 Rxe6 21.
Qxe7+ Rxe7 22. Rfe1 Bxe2 23. Rab1 b6 24. Bf1 Bxf1 25. Rxe7+ Kxe7 26. Kxf1 Kd6
27. f4 Re8 28. Kf2 d4 29. Rd1 Kc5 30. Re1 Rxe1 31. Kxe1 a5 32. Kd2 Kc4 33. h3
b5 34. g4 g6 35. g5 a4 36. Kc1 Kc3 0-1